[Event "ABC 2025 Groep C"]
[Site "Utrecht"]
[Date "2025.03.16"]
[Round "6.4"]
[White "Langeveld, Jonathan"]
[Black "Okita, Shinsaku"]
[Result "1/2-1/2"]
[WhiteFideId "8860313"]
[BlackFideId "8910748"]
[WhiteElo "1791"]
[BlackElo "1860"]

1. e4 {[%clk 00:55:19]} c5 {[%clk 00:55:19]} {[%emt 00:00:02]} 2. Nf3 {[%clk
00:55:24]} {[%emt 00:00:04]} d6 {[%clk 00:55:25]} {[%emt 00:00:05]} 3. d4
{[%clk 00:55:28]} {[%emt 00:00:06]} cxd4 {[%clk 00:55:26]} {[%emt 00:00:09]} 4.
Qxd4 {[%clk 00:55:14]} {[%emt 00:00:24]} Nc6 {[%clk 00:55:18]} {[%emt
00:00:17]} 5. Qa4 {[%clk 00:55:20]} {[%emt 00:00:04]} e6 {[%clk 00:53:54]}
{[%emt 00:01:36]} 6. Bd2 {[%clk 00:55:07]} {[%emt 00:00:22]} Be7 {[%clk
00:53:43]} {[%emt 00:00:20]} 7. Bb5 {[%clk 00:54:18]} {[%emt 00:00:59]} Bd7
{[%clk 00:53:38]} {[%emt 00:00:17]} 8. Nc3 {[%clk 00:54:06]} {[%emt 00:00:20]}
a6 {[%clk 00:53:32]} {[%emt 00:00:17]} 9. Bxc6 {[%clk 00:54:09]} {[%emt
00:00:06]} Bxc6 {[%clk 00:53:14]} {[%emt 00:00:29]} 10. Qd4 {[%clk 00:53:49]}
{[%emt 00:00:30]} Nf6 {[%clk 00:52:38]} {[%emt 00:00:45]} 11. Bg5 {[%emt
00:00:34]} h6 {[%clk 00:51:45]} {[%emt 00:01:01]} 12. Bh4 {[%clk 00:53:24]}
{[%emt 00:00:13]} O-O {[%clk 00:51:40]} {[%emt 00:00:14]} 13. Rd1 {[%clk
00:50:23]} {[%emt 00:03:12]} Rc8 {[%clk 00:51:12]} {[%emt 00:00:39]} 14. Bg3
{[%clk 00:49:14]} {[%emt 00:01:18]} Qa5 {[%clk 00:48:56]} {[%emt 00:02:25]} 15.
O-O {[%clk 00:46:47]} {[%emt 00:02:38]} Rfd8 {[%clk 00:47:51]} {[%emt
00:01:15]} 16. e5 {[%clk 00:44:37]} {[%emt 00:02:21]} dxe5 {[%clk 00:47:04]}
{[%emt 00:00:57]} 17. Qxe5 {[%clk 00:44:40]} {[%emt 00:00:07]} Qxe5 {[%clk
00:43:13]} {[%emt 00:04:00]} 18. Nxe5 {[%emt 00:02:56]} Be8 {[%clk 00:40:35]}
19. h3 {[%clk 00:44:21]} {[%emt 00:00:32]} Bb4 {[%clk 00:39:23]} {[%emt
00:01:21]} 20. Rxd8 {[%clk 00:42:21]} {[%emt 00:02:11]} Rxd8 {[%clk 00:39:22]}
{[%emt 00:00:11]} 21. Rd1 {[%clk 00:42:30]} Rc8 {[%clk 00:35:26]} {[%emt
00:04:07]} 22. Rd3 {[%clk 00:42:15]} {[%emt 00:00:24]} Bxc3 {[%clk 00:34:11]}
{[%emt 00:01:25]} 23. Rxc3 {[%clk 00:41:30]} {[%emt 00:00:55]} Rxc3 {[%clk
00:32:34]} {[%emt 00:01:47]} 24. bxc3 {[%clk 00:41:25]} {[%emt 00:00:14]} Ne4
{[%clk 00:32:42]} {[%emt 00:00:02]} 25. Bf4 {[%clk 00:41:02]} {[%emt 00:00:34]}
Nxc3 {[%clk 00:32:23]} {[%emt 00:00:29]} 26. Bd2 {[%clk 00:39:57]} {[%emt
00:01:15]} Ne4 {[%clk 00:31:37]} {[%emt 00:00:55]} 27. Bb4 {[%clk 00:39:04]}
{[%emt 00:01:04]} Bc6 {[%clk 00:29:24]} {[%emt 00:02:23]} 28. Nxc6 {[%clk
00:38:32]} {[%emt 00:00:42]} bxc6 {[%clk 00:29:29]} {[%emt 00:00:05]} 29. f3
{[%clk 00:38:38]} {[%emt 00:00:04]} Nf6 {[%clk 00:29:29]} {[%emt 00:00:09]} 30.
Kf2 {[%clk 00:37:56]} {[%emt 00:00:52]} Nd5 {[%clk 00:29:34]} {[%emt 00:00:05]}
31. Bd2 {[%clk 00:38:02]} {[%emt 00:00:05]} Kf8 {[%clk 00:29:07]} {[%emt
00:00:36]} 32. Ke2 {[%clk 00:37:18]} {[%emt 00:00:55]} Ke7 {[%clk 00:29:10]}
{[%emt 00:00:07]} 33. Kd3 {[%clk 00:37:21]} {[%emt 00:00:07]} Kd6 {[%clk
00:28:58]} {[%emt 00:00:20]} 34. c4 {[%clk 00:36:34]} {[%emt 00:00:58]} Nf6
{[%clk 00:28:00]} {[%emt 00:01:09]} 35. Bb4+ {[%clk 00:35:05]} {[%emt
00:01:39]} Ke5 {[%clk 00:26:07]} {[%emt 00:02:03]} 36. Ke3 {[%clk 00:34:38]}
{[%emt 00:00:35]} Kf5 {[%clk 00:25:25]} {[%emt 00:00:54]} 37. Bc3 {[%clk
00:33:31]} {[%emt 00:01:16]} Ne8 {[%clk 00:24:48]} {[%emt 00:00:47]} 38. Bb4
{[%clk 00:31:01]} {[%emt 00:02:40]} e5 {[%clk 00:24:44]} {[%emt 00:00:15]} 39.
Bf8 {[%clk 00:27:20]} {[%emt 00:03:50]} h5 {[%clk 00:24:02]} {[%emt 00:00:53]}
40. Be7 {[%clk 00:26:37]} {[%emt 00:00:52]} Ke6 {[%clk 00:22:34]} {[%emt
00:01:39]} 41. Bf8 {[%clk 00:25:30]} {[%emt 00:01:17]} f5 {[%clk 00:21:50]}
{[%emt 00:00:53]} 42. g4 {[%clk 00:24:04]} {[%emt 00:01:37]} hxg4 {[%clk
00:21:37]} {[%emt 00:00:23]} 43. hxg4 {[%clk 00:24:09]} {[%emt 00:00:05]} g6
{[%clk 00:21:22]} {[%emt 00:00:25]} 44. gxf5+ {[%clk 00:21:10]} {[%emt
00:03:09]} gxf5 {[%clk 00:21:25]} {[%emt 00:00:07]} 45. Ba3 {[%clk 00:20:32]}
{[%emt 00:00:48]} Nd6 {[%emt 00:00:52]} 46. Kd3 {[%clk 00:20:19]} {[%emt
00:00:21]} e4+ {[%clk 00:18:39]} {[%emt 00:02:16]} 47. fxe4 {[%clk 00:20:21]}
{[%emt 00:00:07]} Nxe4 {[%emt 00:00:13]} 48. Bb2 {[%clk 00:19:39]} {[%emt
00:00:51]} Kf7 {[%clk 00:18:41]} {[%emt 00:00:06]} 49. Ke3 {[%clk 00:19:04]}
{[%emt 00:00:46]} Kg6 {[%clk 00:18:30]} {[%emt 00:00:21]} 50. Kf4 {[%clk
00:18:05]} {[%emt 00:01:09]} Nd6 {[%clk 00:17:51]} {[%emt 00:00:48]} 51. c5
{[%clk 00:17:34]} {[%emt 00:00:42]} Nc4 {[%clk 00:17:53]} {[%emt 00:00:08]} 52.
Bc3 {[%clk 00:17:21]} {[%emt 00:00:23]} a5 {[%emt 00:01:05]} 53. a4 {[%clk
00:17:21]} Kf7 {[%clk 00:15:23]} {[%emt 00:01:55]} 54. Kxf5 {[%clk 00:17:18]}
{[%emt 00:00:13]} Ne3+ {[%clk 00:14:47]} {[%emt 00:00:46]} 55. Ke4 {[%clk
00:17:03]} {[%emt 00:00:25]} Nd5 {[%clk 00:14:37]} {[%emt 00:00:20]} 56. Bxa5
{[%clk 00:17:07]} {[%emt 00:00:07]} Ke7 {[%clk 00:14:32]} {[%emt 00:00:15]} 57.
Bd2 {[%clk 00:16:18]} {[%emt 00:01:00]} Nc7 {[%clk 00:14:27]} {[%emt 00:00:14]}
58. Bf4 {[%clk 00:15:53]} {[%emt 00:00:31]} Na6 {[%emt 00:00:33]} 59. Bd6+
{[%clk 00:15:51]} Kd7 {[%clk 00:14:17]} {[%emt 00:00:14]} 1/2-1/2

[Event "ABC 2025 Groep C"]
[Site "Utrecht"]
[Date "2025.03.16"]
[Round "6.5"]
[White "Baarspul, Bram"]
[Black "Rantz, Thomas"]
[Result "1-0"]
[WhiteFideId "9026171"]
[BlackFideId "8976572"]
[WhiteElo "1995"]
[BlackElo "1750"]

1. e4 {[%clk 00:55:18]} {[%emt 00:00:01]} c6 {[%clk 00:55:15]} {[%emt
00:00:05]} 2. d4 {[%clk 00:55:22]} {[%emt 00:00:06]} d5 {[%clk 00:55:22]}
{[%emt 00:00:03]} 3. e5 {[%clk 00:55:24]} {[%emt 00:00:09]} Bf5 {[%emt
00:00:11]} 4. h4 {[%clk 00:55:30]} {[%emt 00:00:02]} h5 {[%clk 00:55:20]}
{[%emt 00:00:12]} 5. Bd3 {[%clk 00:55:36]} {[%emt 00:00:04]} Bxd3 {[%clk
00:55:11]} {[%emt 00:00:20]} 6. Qxd3 {[%clk 00:55:45]} {[%emt 00:00:02]} e6
{[%clk 00:55:01]} {[%emt 00:00:19]} 7. Nf3 {[%clk 00:55:50]} {[%emt 00:00:05]}
Nd7 {[%clk 00:54:12]} {[%emt 00:00:59]} 8. Be3 {[%clk 00:54:33]} {[%emt
00:01:27]} Ne7 {[%clk 00:53:38]} {[%emt 00:00:45]} 9. Nbd2 {[%clk 00:52:19]}
{[%emt 00:02:23]} Nf5 {[%clk 00:53:10]} {[%emt 00:00:38]} 10. c4 {[%clk
00:51:41]} {[%emt 00:00:48]} dxc4 {[%clk 00:52:25]} {[%emt 00:00:56]} 11. Nxc4
{[%clk 00:51:27]} {[%emt 00:00:23]} Bb4+ {[%clk 00:51:51]} {[%emt 00:00:43]} 12.
Kf1 {[%clk 00:48:55]} {[%emt 00:02:43]} Nb6 {[%emt 00:04:45]} 13. Bg5 {[%clk
00:41:41]} {[%emt 00:03:59]} Be7 {[%clk 00:48:01]} {[%emt 00:02:50]} 14. Ne3
{[%clk 00:40:06]} {[%emt 00:01:45]} Bxg5 {[%clk 00:44:50]} {[%emt 00:03:21]} 15.
Nxf5 {[%clk 00:38:10]} {[%emt 00:02:05]} Be7 {[%clk 00:42:31]} {[%emt
00:02:30]} 16. Nxg7+ {[%clk 00:33:17]} {[%emt 00:05:03]} Kf8 {[%clk 00:33:11]}
{[%emt 00:10:19]} 17. Nxe6+ {[%clk 00:33:02]} {[%emt 00:00:23]} fxe6 {[%clk
00:33:15]} {[%emt 00:00:06]} 18. Qg6 {[%clk 00:33:09]} {[%emt 00:00:02]} Qe8
{[%clk 00:29:17]} {[%emt 00:04:08]} 19. Qxe6 {[%clk 00:32:52]} {[%emt
00:00:27]} Qf7 {[%clk 00:29:16]} {[%emt 00:00:10]} 20. Qxf7+ {[%clk 00:30:51]}
{[%emt 00:02:12]} Kxf7 {[%clk 00:29:20]} {[%emt 00:00:07]} 21. Ke2 {[%clk
00:30:39]} {[%emt 00:00:21]} Rhg8 {[%clk 00:28:43]} {[%emt 00:00:47]} 22. g3
{[%clk 00:29:51]} {[%emt 00:00:58]} Rad8 {[%clk 00:28:20]} {[%emt 00:00:33]} 23.
Rad1 {[%clk 00:28:50]} {[%emt 00:01:12]} Rg4 {[%clk 00:27:15]} {[%emt
00:01:15]} 24. Rd3 {[%clk 00:28:24]} {[%emt 00:00:35]} Nc4 {[%clk 00:26:26]}
{[%emt 00:00:59]} 25. b3 {[%clk 00:27:25]} {[%emt 00:01:10]} Nb6 {[%clk
00:25:22]} {[%emt 00:01:14]} 26. Rhd1 {[%clk 00:26:22]} {[%emt 00:01:12]} Nd5
{[%clk 00:24:57]} {[%emt 00:00:36]} 27. Nh2 {[%clk 00:25:50]} {[%emt 00:00:42]}
Rg7 {[%clk 00:23:45]} {[%emt 00:01:18]} 28. Rf3+ {[%clk 00:21:47]} {[%emt
00:04:17]} Ke6 {[%clk 00:22:28]} {[%emt 00:01:26]} 29. Kd3 {[%clk 00:21:43]}
{[%emt 00:00:15]} Nb4+ {[%clk 00:21:07]} {[%emt 00:01:30]} 30. Ke4 {[%clk
00:21:52]} {[%emt 00:00:02]} c5 {[%clk 00:19:41]} {[%emt 00:01:37]} 31. a3
{[%clk 00:20:46]} {[%emt 00:01:16]} Rxd4+ {[%clk 00:19:35]} {[%emt 00:00:15]}
32. Rxd4 {[%clk 00:20:26]} {[%emt 00:00:30]} cxd4 {[%clk 00:17:33]} {[%emt
00:02:12]} 33. axb4 {[%clk 00:20:33]} {[%emt 00:00:02]} d3 {[%clk 00:16:00]}
{[%emt 00:01:43]} 34. Rxd3 {[%clk 00:20:02]} {[%emt 00:00:41]} Bxb4 {[%clk
00:16:04]} {[%emt 00:00:06]} 35. f4 {[%clk 00:19:35]} {[%emt 00:00:38]} Rf7
{[%clk 00:15:32]} {[%emt 00:00:42]} 36. Nf3 {[%clk 00:19:21]} {[%emt 00:00:23]}
Ke7 {[%clk 00:15:25]} {[%emt 00:00:18]} 37. f5 {[%clk 00:19:06]} {[%emt
00:00:25]} a5 {[%clk 00:15:25]} {[%emt 00:00:10]} 38. Ng5 {[%clk 00:19:08]}
{[%emt 00:00:08]} Rf8 {[%clk 00:15:17]} {[%emt 00:00:16]} 39. f6+ {[%clk
00:18:58]} {[%emt 00:00:22]} Ke8 {[%clk 00:15:06]} {[%emt 00:00:21]} 40. Kf5
{[%clk 00:18:43]} {[%emt 00:00:25]} b5 {[%clk 00:14:49]} {[%emt 00:00:27]} 41.
Ke6 {[%clk 00:18:48]} {[%emt 00:00:04]} a4 {[%clk 00:14:34]} {[%emt 00:00:26]}
42. f7+ {[%clk 00:18:41]} {[%emt 00:00:17]} Rxf7 {[%clk 00:14:23]} {[%emt
00:00:21]} 43. Nxf7 {[%clk 00:18:48]} {[%emt 00:00:02]} Be7 {[%clk 00:14:26]}
{[%emt 00:00:08]} 44. Rc3 {[%clk 00:18:41]} {[%emt 00:00:17]} Kf8 {[%clk
00:14:14]} {[%emt 00:00:22]} 45. Rc8+ {[%clk 00:18:45]} {[%emt 00:00:06]} Kg7
{[%clk 00:14:14]} {[%emt 00:00:08]} 46. bxa4 {[%clk 00:18:35]} {[%emt
00:00:22]} bxa4 {[%clk 00:13:56]} {[%emt 00:00:28]} 47. Kxe7 {[%clk 00:18:40]}
{[%emt 00:00:05]} a3 {[%clk 00:13:57]} {[%emt 00:00:10]} 48. Ra8 {[%clk
00:18:42]} {[%emt 00:00:07]} a2 {[%clk 00:13:43]} {[%emt 00:00:24]} 49. Rxa2
{[%clk 00:18:48]} {[%emt 00:00:03]} Kg6 {[%clk 00:13:31]} {[%emt 00:00:22]} 50.
Nh6 {[%clk 00:18:45]} {[%emt 00:00:14]} Kh7 {[%clk 00:13:30]} {[%emt 00:00:11]}
51. Kf7 {[%clk 00:18:43]} {[%emt 00:00:12]} Kh8 {[%clk 00:13:22]} {[%emt
00:00:18]} 52. Ra8+ {[%clk 00:18:47]} {[%emt 00:00:05]} Kh7 {[%clk 00:13:26]}
{[%emt 00:00:06]} 53. Rb8 {[%clk 00:18:41]} {[%emt 00:00:17]} 1-0

[Event "ABC 2025 Groep C"]
[Site "Utrecht"]
[Date "2025.03.16"]
[Round "6.6"]
[White "Xu, Alex Z"]
[Black "Bloemberg, Jesper"]
[Result "1/2-1/2"]
[WhiteFideId "8883292"]
[BlackFideId "8902872"]
[WhiteElo "1920"]
[BlackElo "1750"]

1. e4 {[%clk 00:55:19]} c5 {[%clk 00:55:17]} {[%emt 00:00:02]} 2. Nf3 {[%clk
00:55:25]} {[%emt 00:00:05]} Nc6 {[%clk 00:55:21]} {[%emt 00:00:07]} 3. d4
{[%clk 00:55:31]} {[%emt 00:00:04]} cxd4 {[%clk 00:55:26]} {[%emt 00:00:04]} 4.
Nxd4 {[%clk 00:55:35]} {[%emt 00:00:06]} g6 {[%clk 00:55:28]} {[%emt 00:00:08]}
5. Nc3 {[%clk 00:55:41]} {[%emt 00:00:04]} Bg7 {[%clk 00:55:32]} {[%emt
00:00:06]} 6. Be3 {[%clk 00:55:48]} {[%emt 00:00:03]} Nf6 {[%clk 00:55:38]}
{[%emt 00:00:04]} 7. Bc4 {[%clk 00:55:53]} {[%emt 00:00:05]} O-O {[%clk
00:55:35]} {[%emt 00:00:13]} 8. Bb3 {[%clk 00:56:00]} {[%emt 00:00:04]} Ng4
{[%clk 00:54:56]} {[%emt 00:00:49]} 9. Qxg4 {[%clk 00:56:05]} {[%emt 00:00:05]}
Nxd4 {[%clk 00:54:33]} {[%emt 00:00:32]} 10. Qd1 {[%clk 00:56:07]} {[%emt
00:00:08]} Nc6 {[%clk 00:53:56]} {[%emt 00:00:47]} 11. O-O {[%clk 00:55:43]}
{[%emt 00:00:35]} d6 {[%clk 00:52:43]} {[%emt 00:01:23]} 12. f4 {[%clk
00:55:10]} {[%emt 00:00:42]} b6 {[%clk 00:47:57]} {[%emt 00:04:56]} 13. Qf3
{[%clk 00:50:13]} {[%emt 00:05:07]} Bb7 {[%clk 00:46:44]} {[%emt 00:01:23]} 14.
Qg3 {[%clk 00:48:40]} {[%emt 00:01:43]} Na5 {[%clk 00:45:14]} {[%emt 00:01:41]}
15. e5 {[%clk 00:44:44]} {[%emt 00:04:06]} Nxb3 {[%clk 00:38:34]} {[%emt
00:06:49]} 16. axb3 {[%clk 00:44:42]} {[%emt 00:00:13]} d5 {[%clk 00:37:25]}
{[%emt 00:01:19]} 17. Rad1 {[%clk 00:41:43]} {[%emt 00:03:09]} Qc7 {[%clk
00:34:07]} {[%emt 00:03:26]} 18. Bd4 {[%clk 00:39:30]} {[%emt 00:02:23]} a6
{[%clk 00:32:17]} {[%emt 00:02:00]} 19. f5 {[%clk 00:32:22]} {[%emt 00:07:19]}
b5 {[%clk 00:29:43]} {[%emt 00:02:44]} 20. f6 {[%clk 00:30:14]} {[%emt
00:02:17]} exf6 {[%clk 00:28:05]} {[%emt 00:01:49]} 21. exf6 {[%clk 00:30:06]}
{[%emt 00:00:19]} Qxg3 {[%clk 00:28:10]} {[%emt 00:00:05]} 22. hxg3 {[%clk
00:30:11]} {[%emt 00:00:05]} Bh6 {[%clk 00:27:55]} {[%emt 00:00:24]} 23. Bb6
{[%clk 00:28:35]} {[%emt 00:01:47]} Rac8 {[%clk 00:27:32]} {[%emt 00:00:33]} 24.
b4 {[%clk 00:26:05]} {[%emt 00:02:40]} Bg5 {[%clk 00:21:27]} {[%emt 00:06:14]}
25. Bd4 {[%clk 00:18:22]} {[%emt 00:07:53]} Rfe8 {[%clk 00:18:49]} {[%emt
00:02:48]} 26. Rfe1 {[%clk 00:14:58]} {[%emt 00:03:34]} Re6 {[%clk 00:17:43]}
{[%emt 00:01:16]} 27. Be5 {[%clk 00:09:19]} {[%emt 00:05:50]} Bxf6 {[%clk
00:16:29]} {[%emt 00:01:23]} 28. Bxf6 {[%clk 00:08:39]} {[%emt 00:00:50]} Rxf6
{[%emt 00:00:54]} 29. Re7 {[%clk 00:08:05]} Ba8 {[%clk 00:13:21]} {[%emt
00:03:18]} 30. Rd7 {[%clk 00:05:22]} {[%emt 00:02:54]} Kg7 {[%clk 00:10:56]}
{[%emt 00:02:34]} 31. Rd2 {[%clk 00:04:40]} {[%emt 00:00:53]} Rc4 {[%clk
00:08:16]} {[%emt 00:02:50]} 32. Ra7 {[%clk 00:04:07]} {[%emt 00:00:44]} Rc8
{[%clk 00:07:09]} {[%emt 00:01:16]} 33. Rd7 {[%clk 00:03:57]} {[%emt 00:00:20]}
Rf5 {[%clk 00:06:51]} {[%emt 00:00:27]} 34. Ra7 {[%clk 00:03:48]} {[%emt
00:00:19]} Rf6 {[%clk 00:06:37]} {[%emt 00:00:24]} 35. Rd7 {[%clk 00:03:39]}
{[%emt 00:00:19]} 1/2-1/2

[Event "ABC 2025 Groep C"]
[Site "Utrecht"]
[Date "2025.03.16"]
[Round "6.7"]
[White "Kshirsagar, Parth"]
[Black "Botter, Simon"]
[Result "1-0"]
[WhiteFideId "8887758"]
[BlackFideId "8969279"]
[WhiteElo "1846"]
[BlackElo "1769"]

1. d4 {[%emt 00:00:08]} Nf6 {[%clk 00:55:12]} 2. c4 {[%clk 00:55:25]} {[%emt
00:00:05]} e6 {[%clk 00:55:18]} {[%emt 00:00:03]} 3. Nf3 {[%clk 00:55:31]}
{[%emt 00:00:05]} Bb4+ {[%clk 00:55:22]} {[%emt 00:00:06]} 4. Bd2 {[%clk
00:54:42]} {[%emt 00:00:59]} Qe7 {[%clk 00:55:22]} {[%emt 00:00:10]} 5. Nc3
{[%clk 00:54:20]} {[%emt 00:00:32]} Bxc3 {[%clk 00:55:03]} {[%emt 00:00:28]} 6.
Bxc3 {[%clk 00:53:56]} {[%emt 00:00:35]} Ne4 {[%clk 00:55:07]} {[%emt
00:00:06]} 7. Qc2 {[%clk 00:53:21]} {[%emt 00:00:45]} Nxc3 {[%clk 00:53:42]}
{[%emt 00:01:34]} 8. Qxc3 {[%clk 00:53:25]} {[%emt 00:00:07]} b6 {[%clk
00:51:31]} {[%emt 00:02:21]} 9. g3 {[%clk 00:52:06]} {[%emt 00:01:30]} Bb7
{[%clk 00:50:13]} {[%emt 00:01:27]} 10. Bg2 {[%clk 00:52:10]} {[%emt 00:00:06]}
O-O {[%clk 00:49:39]} {[%emt 00:00:42]} 11. O-O {[%clk 00:51:23]} {[%emt
00:00:58]} d6 {[%clk 00:47:07]} {[%emt 00:02:42]} 12. Rac1 {[%clk 00:46:27]}
{[%emt 00:05:06]} Nd7 {[%clk 00:45:39]} {[%emt 00:01:38]} 13. Rfd1 {[%clk
00:43:28]} {[%emt 00:03:10]} Rfd8 {[%clk 00:43:40]} {[%emt 00:02:09]} 14. Qc2
{[%clk 00:42:38]} {[%emt 00:01:00]} g6 {[%clk 00:41:29]} {[%emt 00:02:20]} 15.
Qd2 {[%clk 00:40:42]} {[%emt 00:02:07]} Kg7 {[%clk 00:40:21]} {[%emt 00:01:17]}
16. b3 {[%clk 00:39:36]} {[%emt 00:01:17]} Nf6 {[%clk 00:38:10]} {[%emt
00:02:21]} 17. Qb2 {[%clk 00:37:57]} {[%emt 00:01:49]} Kg8 {[%clk 00:34:30]}
{[%emt 00:03:49]} 18. Qa1 {[%clk 00:30:32]} {[%emt 00:07:36]} Ne4 {[%clk
00:30:15]} {[%emt 00:04:25]} 19. Nd2 {[%clk 00:29:00]} {[%emt 00:01:42]} Nxd2
{[%clk 00:29:27]} {[%emt 00:00:57]} 20. Bxb7 {[%clk 00:28:56]} {[%emt
00:00:15]} Rab8 {[%clk 00:29:30]} {[%emt 00:00:06]} 21. Bg2 {[%clk 00:28:09]}
{[%emt 00:00:58]} Nxb3 {[%clk 00:29:04]} {[%emt 00:00:36]} 22. axb3 {[%clk
00:28:12]} {[%emt 00:00:07]} a5 {[%clk 00:28:54]} {[%emt 00:00:20]} 23. Qc3
{[%clk 00:27:18]} {[%emt 00:01:04]} c5 {[%clk 00:28:44]} {[%emt 00:00:20]} 24.
dxc5 {[%clk 00:26:21]} {[%emt 00:01:08]} dxc5 {[%clk 00:28:47]} {[%emt
00:00:05]} 25. Qc2 {[%clk 00:25:31]} {[%emt 00:01:01]} Kg7 {[%clk 00:28:09]}
{[%emt 00:00:48]} 26. h3 {[%clk 00:18:46]} {[%emt 00:06:55]} Qf6 {[%clk
00:28:08]} {[%emt 00:00:11]} 27. h4 {[%clk 00:16:41]} {[%emt 00:02:15]} h5
{[%clk 00:28:07]} {[%emt 00:00:11]} 28. Rxd8 {[%clk 00:14:21]} {[%emt
00:02:30]} Rxd8 {[%clk 00:28:07]} {[%emt 00:00:09]} 29. Rd1 {[%clk 00:13:57]}
{[%emt 00:00:34]} Rd4 {[%clk 00:27:52]} {[%emt 00:00:25]} 30. Rxd4 {[%clk
00:12:19]} {[%emt 00:01:48]} Qxd4 {[%clk 00:27:55]} {[%emt 00:00:07]} 31. Qd3
{[%clk 00:12:00]} {[%emt 00:00:31]} Qxd3 {[%clk 00:27:41]} {[%emt 00:00:23]} 32.
exd3 {[%clk 00:12:05]} {[%emt 00:00:05]} Kf6 {[%clk 00:27:38]} {[%emt
00:00:12]} 33. f4 {[%clk 00:11:53]} {[%emt 00:00:23]} e5 {[%clk 00:27:37]}
{[%emt 00:00:11]} 34. Kf2 {[%clk 00:11:31]} {[%emt 00:00:32]} exf4 {[%clk
00:27:24]} {[%emt 00:00:22]} 35. gxf4 {[%clk 00:11:33]} {[%emt 00:00:08]} Kf5
{[%clk 00:27:17]} {[%emt 00:00:18]} 36. Kf3 {[%clk 00:11:39]} {[%emt 00:00:04]}
Kf6 {[%clk 00:27:19]} {[%emt 00:00:08]} 37. Ke4 {[%clk 00:11:40]} {[%emt
00:00:09]} Ke6 {[%clk 00:27:23]} {[%emt 00:00:05]} 38. f5+ {[%clk 00:11:08]}
{[%emt 00:00:43]} Kd6 {[%clk 00:27:05]} {[%emt 00:00:27]} 39. fxg6 {[%clk
00:10:52]} {[%emt 00:00:27]} fxg6 {[%clk 00:27:11]} {[%emt 00:00:03]} 40. Kf4
{[%clk 00:10:55]} {[%emt 00:00:07]} 1-0